| 000 | 00360 a2200145 4500 | ||
|---|---|---|---|
| 001 | 65805 | ||
| 082 | _a620.103 SHA | ||
| 090 |
_c38367 _d38367 |
||
| 100 | _aShames, I II | ||
| 245 | _aEngineering Mechanic : Statics, 4th Ed | ||
| 250 | _a4 | ||
| 260 |
_aNJ _bPrentice-Hall _c1997 |
||
| 300 |
_axiviii, 448p. _bPhotocopy |
||
| 500 | _aBE textbook Aerospace | ||
| 942 |
_aNUST CAE _k620.103 SHA |
||
| 999 |
_c300878 _d300878 |
||